00281 a2200133 450000100060000002000150000604000220002110000240004324000150006724500100008230000080009236200090010065000380010967210 a9501270254 cAnchieta - Pituba aNajmanovich, Denise10aRedeslspa10aRedes a4550 a2002 4aInteração social entre grupos